000 02178cam a2200421 a 4500
005 20260322212017.0
008 data
010 _a 2009049747
020 _a9781416591054
020 _a9781416597155 (ebook)
020 _a9781416591061 (pbk.)
020 _a1416591060
040 _aDLC
_cDLC
_dDLC
043 _an-usp--
050 0 0 _aE99.C85
_bP3835 2010
082 0 0 _aB
_aB
_222
092 _a978.004 P3835 2010
100 1 _aGwynne, S. C.
_d1953-
_q(Samuel C.),
245 1 0 _aEmpire of the summer moon :
_bQuanah Parker and the rise and fall of the Comanches, the most powerful Indian tribe in American history /
_cS. C. Gwynne.
250 _a1st Scribner hardcover ed.
260 _aNew York :
_bScribner,
_cc2010.
300 _aviii, 371 p., [8] p. of plates :
_bill., map ;
_c24 cm.
504 _aIncludes bibliographical references (p. 343-355) and index.
505 0 _aA new kind of war -- A lethal paradise -- Worlds in collision -- High lonesome -- The wolf's howl -- Blood and smoke -- Dream visions and Apocalypse -- White squaw -- Chasing the wind -- Death's innocent face -- War to the knife -- White queen of the Comanches -- The rise of Quanah -- Uncivil wars -- Peace and other horrors -- The anti-Custer -- Mackenzie unbound -- The hide men and the messiah -- The Red River War -- Forward, in defeat -- This was a man -- Resting here until day breaks.
600 1 0 _aParker, Quanah,
_d1845?-1911.
650 0 _aComanche Indians
_xKings and rulers
_vBiography.
650 0 _aComanche Indians
_xWars.
650 0 _aComanche Indians
_xHistory.
650 0 _aFrontier and pioneer life
_zWest (U.S.)
651 0 _aWest (U.S.)
_xHistory
_y1848-1860.
651 0 _aWest (U.S.)
_xHistory
_y1860-1890.
651 0 _aWest (U.S.)
_xHistory
_y1890-1945.
651 0 _aWest (U.S.)
_xRace relations.
906 _a7
_bcbc
_corignew
_d1
_eecip
_f20
_gy-gencatlg
925 0 _aacquire
_b2 shelf copies
_xpolicy default
955 _drf14 2009-12-01 telework
_erf07 2009-12-03 telework; to Dewey
_wrd14 2009-12-03
_frg04 2010-07-28 to CALM
_tCopy 2 to CALM
001 data
999 _c380
_d380